Bas-Rhin - mort subite - Statistiques

Statistiques générales
  • Ce quiz a été pris 33 fois
  • Le résultat moyen est 11 sur 18
Answers on the Grid
Answers color-coded by a green-red scale on the quiz's grid according to % correct below.
Le Parlement européen
Metz
Hanovre
Salzburg
Le Stade de la Meinau
Illkirch-Graffenstaden
Neuss
Le Château du Haut-Kœnigsbourg
Forbach
Saarlouis
Strasbourg
Le Mont Sainte-Odile
Wels
Schiltigheim
L'ancienne demeure de J. Gutenberg
Sélestat
Le siège social de Bugatti
Heilbronn
Lindau
Hunspach
Le champ de bataille de Wissembourg
Hildesheim
Un stade de la Coupe Mondiale
Molsheim
Bischheim
Kippenheim
Sarreguemines
La Cour Européenne des Droits de l'Homme
Marbourg
Offenburg
Troisdorf
Haguenau
Landshut
Neudahner Weiher
Zweibrücken
L'ancien bâtiment le plus haut du monde
 
Statistiques - réponses
Réponse % Correct
Le Parlement européen
100%
Strasbourg
89%
Banlieue de Strasbourg Illkirch-Graffenstaden
86%
RC Strasbourg Le Stade de la Meinau
82%
Schiltigheim
82%
Sélestat
79%
Molsheim
75%
Bischheim
71%
Haguenau
71%
1870 Le champ de bataille de Wissembourg
64%
Molsheim Le siège social de Bugatti
61%
Le Château du Haut-Kœnigsbourg
54%
Le Mont Sainte-Odile
54%
La Cour Européenne des Droits de l'Homme
46%
Cathédrale de Strasbourg,1647-1874 L'ancien bâtiment le plus haut du monde
46%
Strasbourg L'ancienne demeure de J. Gutenberg
39%
Stade de la Meinau, 1938 Un stade de la Coupe Mondiale
18%
Hunspach
14%
Aucun quiz correspondant
Distribution des résultats
% des personnes avec chaque résultat
Percentile par nombre de réponses
Votre historique - résultats
Vous n’avez pas pris ce quiz